| 000 | 00376nam a2200133Ia 4500 | ||
|---|---|---|---|
| 005 | 20260326100042.0 | ||
| 008 | 260326s9999||||xx |||||||||||||| ||und|| | ||
| 100 | _aBahamón, Alejandro | ||
| 245 | 0 |
_aNew York : _b A Histórical atlas of Architecture / _cAlejandro Bahamón |
|
| 260 | _bBlack Dog & Leventhal | ||
| 300 | _a119 p. | ||
| 650 | _aARQUITECTURA REGIONAL | ||
| 942 | _cBK | ||
| 999 |
_c7062 _d7062 |
||